00938nam a2200229 a 450000100100000000500170001000800410002704000250006808200200009310000360011324500490014926000490019830000200024759000630026759000260033065000290035665000310038591000380041695201170045495201220057199900150069300000394120240412074201.0090715s2008 dr 000 0 spa d aDO-SdBNPbspacBNPHU aRD863.44bN714b1 aNina, Diógenes,d1941-91185713aLa biografía de Amelia /cDiógenes Nina. aSanto Domingo :bAkeru publicaciones,c2008. a87 p. ;c21 cm. aLa biblioteca posee un ejemplar autografiado por el autor. aInventariado, 2020/BT 0aCuentos dominicanos9176 0aLiteratura dominicana.967 aValidado. Control de calidad. MFF 0010718PDaPDbPDcHDd2009-07-15iLF1l0oRD863.44 N714bp3941-10r2020-06-25w2020-06-25yLFPDZNo se presta 0010718PDaPDbPDcHDd2020-02-17iLF1l0oRD863.44 N714bp3941-40r2020-06-25te.2w2020-06-25yLFPDZNo se presta c3760d3760